000
00302nam a22001337a 4500
008
170508b xxu||||| |||| 00| 0 eng d
020
_a
9780195076974
041
_a
eng
080
_a
34
100
_a
14
101
_a
SHJ
245
_a
THE NATURE AND PROCESS OF LAW
_c
SMITH.P
942
_2
udc
_c
BK
999
_c
12891
_d
12891